| 000 | 00582nam a2200205Ia 4500 | ||
|---|---|---|---|
| 003 | OSt | ||
| 005 | 20250930115053.0 | ||
| 008 | 210210b2001 xxu||||| |||| 00| 0 eng d | ||
| 020 | _a81 7713 078 1 | ||
| 040 | _cAL | ||
| 041 | _aKannada | ||
| 082 | _aK894.1 NALH | ||
| 100 |
_aNALLURU PRASAD. _dನಲ್ಲೂರು ಪ್ರಸಾದ್ _9241049 |
||
| 245 |
_aHejje gurutu. _bಹೆಜ್ಜೆ ಗುರುತು. |
||
| 260 |
_aBengaluru _bKannada Pustaka Pradhikara _c2001 |
||
| 300 | _axvi,202 | ||
| 690 |
_aKannada Poetry _9241050 |
||
| 906 | _a059417 | ||
| 942 |
_2ddc _cBK |
||
| 999 |
_c106690 _d106690 |
||